| 000 | 00579nam a2200229 a 4500 | ||
|---|---|---|---|
| 001 | nice12345678 | ||
| 003 | IN_TiNIC | ||
| 005 | 20260116014357.0 | ||
| 008 | 110607s2009 ista grp 000 0 eng | ||
| 020 |
_a9789944116954 _c540 |
||
| 082 | 0 | 0 |
_a297.4 _bERK |
| 100 | _aErkan,, Turkmen | ||
| 245 | _aTeachings of Shams-I-tabrizi | ||
| 260 |
_aIstanbul _bNove Centre of Culture Publications _c2009 |
||
| 300 | _a158p | ||
| 500 | _aincludes index and biblioraphy | ||
| 650 | _aSufism | ||
| 700 | 1 | _aErkan,, Turkmen | |
| 902 | _bSRC | ||
| 942 | _cBK | ||
| 999 |
_c15030 _d15030 |
||